Fluid mechanics. / (Record no. 29256)

000 -LEADER
fixed length control field 00500 a2200157 4500
020 ## - INTERNATIONAL STANDARD BOOK NUMBER
International Standard Book Number 8185589356
020 ## - INTERNATIONAL STANDARD BOOK NUMBER
International Standard Book Number 9788185589350
082 ## - DEWEY DECIMAL CLASSIFICATION NUMBER
Classification number 620.106
090 ## - LOCALLY ASSIGNED LC-TYPE CALL NUMBER (OCLC); LOCAL CALL NUMBER (RLIN)
-- 626
-- 626
100 1# - MAIN ENTRY--PERSONAL NAME
Personal name Subrahmaniyam, Dr. S.
245 10 - TITLE STATEMENT
Title Fluid mechanics. /
Statement of responsibility, etc. Dr. S. Subrahmaniyam.
260 ## - PUBLICATION, DISTRIBUTION, ETC.
Place of publication, distribution, etc. [S.l.] :
Name of publisher, distributor, etc. Capital,
Date of publication, distribution, etc. 2003
300 ## - PHYSICAL DESCRIPTION
Extent 1 v. (unpaged)
942 ## - ADDED ENTRY ELEMENTS (KOHA)
Institution code [OBSOLETE] SNS
Koha item type Book
Call number prefix 620.106 SUB
Holdings
Withdrawn status Lost status Damaged status Not for loan Permanent Location Current Location Date acquired Total Checkouts Full call number Barcode Date last seen Price effective from Koha item type
        School of Natural Sciences (SNS) School of Natural Sciences (SNS) 05/26/2016   620.106 SUB SNS0000777 05/26/2016 05/26/2016 Book
© 2023 Central Library, National University of Sciences and Technology. All Rights Reserved.